000 01632nam a2200349 4500
003 EG-GICUC
005 20260121101229.0
008 251116s2024 ua ||||fr|||| 00| 0 ara d
017 _a20092142
020 _a9789770459285
040 _a EG-GICUC
_bara
_c EG-GICUC
_d EG-GICUC
_erda
041 0 _aara
082 0 4 _221
_a341.8
_bع ب . م
092 0 4 _221
099 _aLaw1 12 341.8 ع ب . م 2024
100 0 _aعبد المنعم زمزم
_eمؤلف.
245 1 2 _aالمطول فى القانون الدولى الخاص :
_bعلم تنازع القوانين-علم القانون الدولي الخاص الاجرائي-الاختصاص الدولي للمحاكم وتنفيذ الاحكام الاجنبيه-دراسة تأصيلية تطبيقية في قضاء محكمة النقض المصرية/
_cعبد المنعم زمزم.
264 _aالقاهرة:
_bدار النهضة العربية،
_c2024.
300 _a1064 ؛صفحة
_c24 سم
_bإيضاحيات، صور، مثيليات ؛
336 _2rda content
_atext
337 _2rda media
_aComputer
338 _2rda carrier
_aOnline Resource
504 _aيحتوي على اراجاعات ببليوجرافية
546 _aالنص أغلبه باللغة العربية بعض النصوص الإنجليزية والفرنسية
650 1 _aالقانون الدولى الخاص
_2qrmak
650 1 _aالاختصاص الدولي
_2qrmak
650 1 _aتنازع القوانين
_2qrmak
651 1 _2qrmak
856 4 0 _uhttps://fll.law.cu.edu.eg/fulltext/bks/B12-01188.pdf
905 _a75
_eYara
942 _2ddc
_n0
_cBK
_e21
999 _c43649
_d43649